[Event "Baden-ch U10"]
[Site "Karlsruhe"]
[Date "2012.01.03"]
[Round "2"]
[White "Roessler, Lukas Namgyu"]
[Black "Rosswag, Julian"]
[Result "1-0"]
[WhiteElo "1255"]
[BlackElo "951"]
[PlyCount "45"]
[EventDate "2012.01.03"]
[EventType "swiss"]
[EventRounds "7"]
[EventCountry "GER"]
[SourceTitle "EXT 2015"]
[Source "ChessBase"]
[SourceDate "2014.11.20"]
[SourceVersion "1"]
[SourceVersionDate "2014.11.20"]
[SourceQuality "1"]

1. e4 c5 2. Nf3 d6 3. d4 cxd4 4. Nxd4 Nf6 5. Nc3 g6 6. Be3 Bg7 7. f3 0-0 8. Bc4 e6 9. Bb3 a6 10. Qd2 Bd7 11. 0-0-0 b5 12. h4 b4 13. Nce2 a5 14. Bh6 a4 15. Bc4 d5 16. Bd3 Qe7 17. h5 Nxh5 18. g4 Nf6 19. Bxg7 Rc8 20. e5 Ne8 21. Qh6 Nxg7 22. Qxh7+ Kf8 23. Qh8# 1-0